[Event "Challenge"]
[Site "http://www.queenalice.com/game.php?id=162164"]
[Date "2007.2.1"]
[Round "-"]
[White "Ralf1234567"]
[Black "markus765432"]
[Result "0-1"]
[WhiteElo "1464"]
[BlackElo "2042"]

1. e4 c5 2. Nf3 Nc6 3. d4 cxd4 4. Nxd4 d6 5. Nxc6 bxc6 6. Bd3 g6 7. O-O Bg7 8.
c3 Nf6 9. Qa4 Bd7 10. Be3 O-O 11. Nd2 Qc7 12. Qa3 e5 13. Nc4 Rfb8 14. Nxd6 Bf8
15. Bc5 Be6 16. Bc4 Nd7 17. Bxe6 Nxc5 18. Bxf7+ Kg7 19. b4 Nd7 20. Ne8+ Rxe8 21.
Bxe8 Rxe8 22. Rad1 c5 23. Qa5 Nb6 24. Qb5 Rb8 25. a4 Nd5 26. Qc4 Nf6 27. b5 Rd8
28. Rxd8 Qxd8 29. Qe2 Qa5 30. Qc2 c4 31. Rd1 Bc5 32. Kh1 Ng4 33. Rd7+ Kg8 34.
Rd2 Nxf2+ 35. Rxf2 Bxf2 36. Qxf2 Qxc3 37. Qxa7 Qa1+ 38. Qg1 Qxg1+ 39. Kxg1 c3
40. b6 c2 41. h3 c1=Q+ 42. Kh2 Qb2 43. a5 Qb5 44. g3 Qxa5 45. Kg2 Qxb6 46. g4
Qe3 0-1

[Event "Challenge"]
[Site "http://www.queenalice.com/game.php?id=169649"]
[Date "2007.2.16"]
[Round "-"]
[White "Yu_Gi_Oh_master"]
[Black "Ralf1234567"]
[Result "0-1"]
[WhiteElo "1550"]
[BlackElo "1505"]

1. e4 c5 2. Nf3 e6 3. d4 cxd4 4. Nxd4 a6 5. Nc3 Nc6 6. g3 Bc5 7. Nxc6 bxc6 8.
Bg2 Nf6 9. Bg5 Qb6 10. O-O Qxb2 11. Qd3 O-O 12. Bxf6 gxf6 13. Rab1 Qa3 0-1

[Event "Let's Play Chess!"]
[Site "http://www.queenalice.com/game.php?id=171361"]
[Date "2007.2.20"]
[Round "-"]
[White "miki00"]
[Black "Ralf1234567"]
[Result "0-1"]
[WhiteElo "1358"]
[BlackElo "1441"]

1. d4 Nf6 2. Nc3 e6 3. e4 Bb4 4. Bg5 h6 5. Bxf6 Qxf6 6. a3 Bxc3+ 7. bxc3 O-O 8.
Bc4 d6 9. Nf3 Qg6 10. O-O Qxe4 11. Bd3 Qc6 12. Qd2 Nd7 13. Bc4 Qxc4 0-1

[Event "Open Challenge #4"]
[Site "http://www.queenalice.com/game.php?id=173874"]
[Date "2007.2.25"]
[Round "-"]
[White "Kirkland"]
[Black "Ralf1234567"]
[Result "1-0"]
[WhiteElo "2282"]
[BlackElo "1421"]

1. e4 d6 2. c4 Nf6 3. Nc3 e6 4. Nf3 Be7 5. d4 O-O 6. Bd3 c5 7. dxc5 dxc5 8. e5
Ng4 9. h3 Nh6 10. Bxh6 gxh6 11. Qc2 Kg7 12. O-O-O 1-0

[Event "Let's Play Chess!"]
[Site "http://www.queenalice.com/game.php?id=174064"]
[Date "2007.2.26"]
[Round "-"]
[White "colognestar"]
[Black "Ralf1234567"]
[Result "1-0"]
[WhiteElo "2100"]
[BlackElo "1454"]

1. e4 e6 2. d4 d5 3. exd5 exd5 4. Bd3 Bd6 5. Nf3 Nf6 6. O-O O-O 7. h3 Be6 8. Re1
Nc6 9. c3 Re8 10. Bg5 h6 11. Bh4 a5 12. Nbd2 a4 13. Ne5 a3 14. b3 Rb8 15. Nxc6
bxc6 16. Nf3 g5 17. Nxg5 hxg5 18. Bxg5 Be7 19. Re3 c5 20. Rg3 Ng4 21. Bxe7 Qxe7
22. hxg4 cxd4 23. cxd4 Qd7 24. Qf3 Rb4 25. Qf6 c6 26. Rh3 Bxg4 27. Rh8# 1-0

[Event "Open Challenge #9"]
[Site "http://www.queenalice.com/game.php?id=174239"]
[Date "2007.2.26"]
[Round "-"]
[White "Kirkland"]
[Black "Ralf1234567"]
[Result "1-0"]
[WhiteElo "2281"]
[BlackElo "1423"]

1. e4 c5 2. d4 cxd4 3. c3 dxc3 4. Nxc3 Nc6 5. Nf3 d6 6. Bc4 e6 7. O-O Nf6 8. Qe2
Be7 9. Rd1 e5 10. h3 O-O 11. Be3 1-0

[Event "Let's Play Chess!"]
[Site "http://www.queenalice.com/game.php?id=177523"]
[Date "2007.3.5"]
[Round "-"]
[White "Jonjon"]
[Black "Ralf1234567"]
[Result "0-1"]
[WhiteElo "1870"]
[BlackElo "1475"]

1. e4 c5 2. Nf3 e6 3. d4 cxd4 4. Nxd4 a6 5. Be2 Nf6 6. Nc3 Bb4 7. Bg5 Bxc3+ 8.
bxc3 Qa5 9. Bd2 Nxe4 10. O-O Nxc3 11. Qe1 Nxe2+ 12. Qxe2 Qd5 13. Nf3 O-O 14. c4
Qc6 15. Bc3 d6 16. Nd4 Qc7 17. Rad1 e5 18. Nb3 Be6 19. c5 Bxb3 0-1

[Event "Let's Play Chess!"]
[Site "http://www.queenalice.com/game.php?id=180276"]
[Date "2007.3.11"]
[Round "-"]
[White "Ralf1234567"]
[Black "Matman"]
[Result "1-0"]
[WhiteElo "1438"]
[BlackElo "1697"]

1. e4 d5 2. exd5 Qxd5 3. Nc3 Qa5 4. d4 c5 5. dxc5 Qxc5 6. Bd3 Nf6 7. Nf3 Bg4 8.
O-O h5 9. Be3 Qc7 10. Nb5 Qd7 11. Bxa7 Nc6 12. Bc5 Ne5 13. Nxe5 Qc8 14. Bc4 e6
15. Nc7+ Qxc7 16. Bb5+ Nd7 17. Bxd7+ Kd8 18. Nxf7# 1-0

[Event "Challenge"]
[Site "http://www.queenalice.com/game.php?id=185458"]
[Date "2007.3.21"]
[Round "-"]
[White "holandes"]
[Black "Ralf1234567"]
[Result "0-1"]
[WhiteElo "1626"]
[BlackElo "1529"]

1. e4 e5 2. c3 Nf6 3. d3 Be7 4. Be3 O-O 5. Nd2 d5 6. Be2 d4 7. cxd4 exd4 8. Bf4
Nc6 9. Ngf3 Nh5 10. g3 Nxf4 11. gxf4 Bh3 12. Rg1 Bd7 13. Nb3 Bb4+ 14. Kf1 Bh3+
15. Rg2 Qf6 16. Qc1 Bd6 17. e5 Qg6 18. Nh4 Bxg2+ 19. Nxg2 Be7 20. Bf3 Qxd3+ 21.
Be2 Qg6 22. Qd2 Bb4 23. Qd1 Rad8 24. Bd3 Qh6 25. Kg1 Qh3 26. Rc1 Be7 27. Qc2 Nb4
28. Qb1 Nxd3 29. Rd1 Nb4 30. Nxd4 Bc5 31. Qe4 Qg4 32. Rd2 Nxa2 33. Kf1 Qh3 34.
e6 Qxh2 35. Ne3 Qh3+ 36. Ng2 Qh1+ 37. Ke2 Nc1+ 38. Ke3 Nb3 39. e7 Bxd4+ 40. Rxd4
Qc1+ 41. Kf3 Nxd4+ 42. Kg3 Qxb2 43. exf8=Q+ Rxf8 44. Nh4 c5 45. f5 c4 46. f3 Rd8
47. Qe7 Nc6 48. Qg5 h6 49. Qg4 Rd4 50. Qh5 c3 51. Ng2 c2 0-1

[Event "Challenge"]
[Site "http://www.queenalice.com/game.php?id=185824"]
[Date "2007.3.22"]
[Round "-"]
[White "spawnwolfwolverine"]
[Black "Ralf1234567"]
[Result "1-0"]
[WhiteElo "1660"]
[BlackElo "1445"]

1. e3 Nc6 2. d3 d5 3. c3 e5 4. Be2 Bd6 5. Nf3 Nf6 6. O-O O-O 7. b3 e4 8. dxe4
dxe4 9. Nd4 Nxd4 10. cxd4 c6 11. Nc3 1-0

[Event "Challenge"]
[Site "http://www.queenalice.com/game.php?id=185825"]
[Date "2007.3.22"]
[Round "-"]
[White "Ralf1234567"]
[Black "spawnwolfwolverine"]
[Result "0-1"]
[WhiteElo "1452"]
[BlackElo "1668"]

1. d4 e6 2. e4 d6 3. Bd3 b6 4. Nf3 Ba6 5. O-O Be7 6. Bxa6 Nxa6 7. Qe2 Nb8 8. Bg5
Bxg5 9. Qb5+ Nd7 10. Qxg5 Qxg5 0-1

[Event "Let's Play Chess!"]
[Site "http://www.queenalice.com/game.php?id=186383"]
[Date "2007.3.23"]
[Round "-"]
[White "Ralf1234567"]
[Black "aleuhirov"]
[Result "0-1"]
[WhiteElo "1462"]
[BlackElo "1825"]

1. e4 e5 2. Nf3 Nc6 3. Bb5 Nf6 4. O-O Nxe4 5. d4 exd4 6. Re1 f5 7. Bxc6 dxc6 8.
Bg5 Qd5 9. Qxd4 Qxd4 10. Nxd4 Kf7 11. Bf4 Bc5 12. c3 Re8 13. Bxc7 Bd7 14. Rd1
Rac8 15. Bf4 g5 16. Be3 f4 0-1

[Event "AUTO-INT-396"]
[Site "http://www.queenalice.com/game.php?id=189396"]
[Date "2007.3.29"]
[Round "1"]
[White "Ralf1234567"]
[Black "morphy1095"]
[Result "1-0"]
[WhiteElo "1528"]
[BlackElo "1414"]

1. e4 e5 2. f4 Qe7 3. d3 d6 4. Be2 Nf6 5. Nf3 Nbd7 6. Nc3 g6 7. fxe5 Nxe5 8. O-O
Bg7 9. Nxe5 Qxe5 10. d4 Qe7 11. Bg5 Qe6 12. Nb5 Qd7 13. Bxf6 Bxf6 14. Rxf6 a6
15. Nc3 O-O 16. Qf1 b5 17. a4 bxa4 18. Rxa4 Re8 19. Bc4 Re7 20. Bxa6 Bxa6 21.
Rxa6 Rxa6 22. Qxa6 Kg7 23. Rf4 f5 24. exf5 Re1+ 25. Kf2 Rc1 26. f6+ Kf7 27. Qd3
Qe6 28. Qd2 Ra1 29. Kg3 h5 30. h4 Rg1 31. Qe2 Qd7 32. Nd5 c6 33. Qe7+ Qxe7 34.
fxe7+ 1-0

[Event "AUTO-INT-396"]
[Site "http://www.queenalice.com/game.php?id=189397"]
[Date "2007.3.29"]
[Round "1"]
[White "morphy1095"]
[Black "Ralf1234567"]
[Result "1-0"]
[WhiteElo "1395"]
[BlackElo "1528"]

1. d4 Nf6 2. c4 e6 3. e3 Be7 4. Nf3 c5 5. Be2 cxd4 6. Nxd4 O-O 7. O-O d6 8. Bd2
e5 9. Nf3 Ne4 10. b3 Be6 11. Bd3 Nxd2 12. Nbxd2 Nc6 13. Qc2 f5 14. h3 e4 15.
Nxe4 Nb4 16. Qc3 Nxd3 17. Qxd3 fxe4 18. Qxe4 d5 19. Qxe6+ Rf7 20. Ne5 Qd6 21.
Qxf7+ Kh8 22. Qxd5 Qb4 23. Nf7+ Kg8 24. Nh6+ Kh8 25. Qg8+ Rxg8 26. Nf7# 1-0

[Event "AUTO-INT-396"]
[Site "http://www.queenalice.com/game.php?id=189398"]
[Date "2007.3.29"]
[Round "1"]
[White "Ralf1234567"]
[Black "Pegasus"]
[Result "0-1"]
[WhiteElo "1571"]
[BlackElo "1666"]

1. e4 c5 2. Nf3 Nc6 3. d4 cxd4 4. Nxd4 d6 5. Nxc6 bxc6 6. Bd3 e5 7. O-O Nf6 8.
Bg5 Be7 9. Bxf6 Bxf6 10. c4 O-O 11. Nc3 Bb7 12. Qb3 Rb8 13. Rad1 c5 14. Qa3 a6
15. Nd5 Bxd5 16. cxd5 a5 17. Qc3 Qc7 18. Qc2 g6 19. b3 Rb6 20. Qc3 Rbb8 21. Rc1
Bg5 22. Rc2 Rfd8 23. a3 Bf6 24. b4 axb4 25. axb4 Rdc8 26. Ba6 Rd8 27. bxc5 dxc5
28. Qxc5 Qe7 29. Bd3 Qb7 30. Qa5 Ra8 31. Qc7 Qxc7 32. Rxc7 Kg7 33. Rc6 Rdc8 34.
Rb6 Ra3 35. Be2 Rac3 36. d6 Rc2 37. Bd3 Rd2 0-1

[Event "AUTO-INT-396"]
[Site "http://www.queenalice.com/game.php?id=189399"]
[Date "2007.3.29"]
[Round "1"]
[White "Pegasus"]
[Black "Ralf1234567"]
[Result "0-1"]
[WhiteElo "1709"]
[BlackElo "1549"]

1. d4 Nf6 2. c4 g6 3. Nc3 Bg7 4. Nf3 O-O 5. e4 Nc6 6. e5 Ne8 7. g3 d6 8. exd6
Nxd6 9. Be3 Bg4 10. Be2 Bxf3 11. Bxf3 Nxc4 12. Bxc6 bxc6 13. b3 Nxe3 14. fxe3 c5
15. dxc5 Bxc3+ 16. Kf2 Bxa1 17. Qxa1 Qd2+ 18. Kf3 Qd5+ 19. e4 Qd3+ 20. Kf4 Qc2
21. Rd1 Qxh2 22. Rh1 Qf2+ 23. Kg4 Qe2+ 24. Kh3 Qxe4 25. Re1 Qf5+ 26. Kg2 Qd5+
27. Kh2 Qxc5 28. Qd1 e5 29. Qf3 f6 30. Re3 Rad8 31. Rc3 Rd2+ 32. Kh3 Qe7 33. a4
Qd7+ 34. g4 h5 35. Kg3 Qd4 36. gxh5 Qg1+ 0-1

[Event "AUTO-INT-396"]
[Site "http://www.queenalice.com/game.php?id=189400"]
[Date "2007.3.29"]
[Round "1"]
[White "Ralf1234567"]
[Black "knightsdefence"]
[Result "1-0"]
[WhiteElo "1462"]
[BlackElo "1399"]

1. d4 f5 2. c4 a6 3. Bf4 b5 4. e3 c6 5. Bd3 e6 6. Kf1 d5 7. cxd5 cxd5 8. a4 bxa4
9. Qxa4+ Qd7 10. Bb5 axb5 11. Qxa8 Nc6 12. Nf3 Qb7 13. Kg1 Qxa8 14. Rxa8 Nge7
15. Ng5 1-0

[Event "AUTO-INT-396"]
[Site "http://www.queenalice.com/game.php?id=189401"]
[Date "2007.3.29"]
[Round "1"]
[White "knightsdefence"]
[Black "Ralf1234567"]
[Result "0-1"]
[WhiteElo "1246"]
[BlackElo "1523"]

1. f4 d5 2. d4 Bf5 3. e3 Nf6 4. Bd3 e6 5. Bxf5 exf5 6. c3 Bd6 7. Nh3 O-O 8. Nf2
Ne4 9. Nxe4 dxe4 10. b3 Qh4+ 11. g3 Qh3 12. Qe2 Nd7 13. Qf1 Qxf1+ 14. Rxf1 a5
15. Ba3 a4 16. Bxd6 cxd6 17. Nd2 axb3 18. Nxb3 Rfc8 19. Kd2 Nf6 20. Rfb1 Nd5 21.
Rc1 Ra3 22. Rc2 Rca8 0-1

[Event "Challenge"]
[Site "http://www.queenalice.com/game.php?id=200807"]
[Date "2007.4.22"]
[Round "-"]
[White "Ralf1234567"]
[Black "juim"]
[Result "0-1"]
[WhiteElo "1539"]
[BlackElo "1682"]

1. e4 e5 2. Nf3 d6 3. d4 exd4 4. Nxd4 Nf6 5. Nc3 Be7 6. Be2 O-O 7. O-O c5 8. Nf3
Nc6 9. Bf4 b6 10. Qd2 Bb7 11. Rad1 Ng4 12. Bxd6 Re8 13. e5 Bxd6 14. exd6 Nb4 15.
d7 Re7 16. a3 Bc6 17. axb4 Rxd7 18. Qf4 Rxd1 19. Rxd1 Qc8 20. bxc5 h6 21. Nd4
Bd7 22. c6 Be6 23. Nxe6 Qxe6 0-1